Govt. of
Madhya Pradesh

Mahatma Gandhi (Record no. 49623)

MARC details
000 -LEADER
fixed length control field 003530000a22001570004500
001 - CONTROL NUMBER
control field 000316
003 - CONTROL NUMBER IDENTIFIER
control field MACL
040 ## - CATALOGING SOURCE
Original cataloging agency MACL
090 ## - LOCALLY ASSIGNED LC-TYPE CALL NUMBER (OCLC); LOCAL CALL NUMBER (RLIN)
-- 316
-- 316
100 ## - MAIN ENTRY--PERSONAL NAME
Personal name Raddy, E.S
245 ## - TITLE STATEMENT
Title Mahatma Gandhi
Remainder of title Letters To Americans
Statement of responsibility, etc. E.S Raddy
260 ## - PUBLICATION, DISTRIBUTION, ETC. (IMPRINT)
Place of publication, distribution, etc. Bhartiya Vidya Bhavan,
Date of publication, distribution, etc. 1998
350 ## - PRICE (NR) (BK AM CF MU VM SE) [OBSOLETE]
Price 300
650 ## - SUBJECT ADDED ENTRY--TOPICAL TERM
Topical term or geographic name as entry element Philosophy,Theory
942 ## - ADDED ENTRY ELEMENTS (KOHA)
Call number prefix 802
Koha item type Library Membar

No items available.